000 00557nam a22002057a 4500
003 OSt
005 20180116182957.0
008 140527b xxu||||| |||| 00| 0 eng d
020 _a9787894470287
040 _a0
_b0
_c0
082 _a951 ZHO 2010
100 _aDangdai Zhongwen
245 _aContemporary Chinese CD ROM
_bDangdai Zhongwen
_cJadeed Chinese
260 _aBeijing
_bSinolingua
_c2010
300 _a 2-CD
_bCD-ROM
440 _aContemporary Chinese CD ROM
600 _aDangdai Zhongwen
700 _aDangdai Zhongwen
942 _2ddc
_cCS
999 _c349680
_d349680